|
|
|
|
| LEADER |
00000naa2a2200000 4500 |
| 001 |
76791 |
| 005 |
20240111095726.0 |
| 035 |
|
|
|a (RuTPU)RU\TPU\book\82332
|
| 090 |
|
|
|a 76791
|
| 100 |
|
|
|a 20050504d2000 k y0rusy50 ca
|
| 101 |
0 |
|
|a rus
|
| 102 |
|
|
|a RU
|
| 200 |
1 |
|
|a Информационное пространство и его функции в обществе
|f Е. В. Михальченко
|
| 320 |
|
|
|a Библиогр.: 2 назв.
|
| 463 |
|
0 |
|0 (RuTPU)RU\TPU\book\25688
|t Современные техника и технологии
|o труды VI международной научно-практической конференции студентов, аспирантов и молодых ученых, 28 февраля - 3 марта 2000 года, Томск
|f М-во образования РФ; ТПУ
|v С. 446-448.
|d 2000
|p 478 с.
|
| 610 |
1 |
|
|a общество
|
| 610 |
1 |
|
|a информационное пространство
|
| 610 |
1 |
|
|a развитие общества
|
| 610 |
1 |
|
|a информационная среда
|
| 610 |
1 |
|
|a информационные ресурсы
|
| 610 |
1 |
|
|a информационные потоки
|
| 610 |
1 |
|
|a функция памяти
|
| 610 |
1 |
|
|a функция общения
|
| 610 |
1 |
|
|a познавательная функция
|
| 610 |
1 |
|
|a компьютерные технологии
|
| 610 |
1 |
|
|a обучение
|
| 610 |
1 |
|
|a труды учёных ТПУ
|
| 700 |
|
1 |
|a Михальченко
|b Е. В.
|c специалист в области менеджмента
|c доцент Томского политехнического университета, кандидат философских наук
|f 1974-
|g Екатерина Валентиновна
|3 (RuTPU)RU\TPU\pers\26775
|9 12418
|
| 801 |
|
1 |
|a RU
|b 63413507
|c 20050504
|g PSBO
|
| 801 |
|
2 |
|a RU
|b 63413507
|c 20200305
|g RCR
|
| 942 |
|
|
|c BK
|